| 000 | 00403cam a2200157ua 4500 | ||
|---|---|---|---|
| 041 |
_aeng _h |
||
| 082 |
_a611.9 _bROM/CU |
||
| 100 | _aRomanes, G j . | ||
| 245 |
_aCunningham`s manual of practical anatomy / _cG J Romanes. _hTextual Documents |
||
| 250 |
_a13 / _b. |
||
| 260 |
_a : _bOxford Medical publications , _c1967. |
||
| 300 | _a310 ; . | ||
| 504 | _a | ||
| 942 | _cBK | ||
| 999 |
_c10427 _d10427 |
||